|
|
|
|
| LEADER |
00000nkm a2200000 a 4500 |
| 001 |
vtls011770368 |
| 003 |
SK-MaSNL |
| 005 |
20260512125248.0 |
| 007 |
kp ho |
| 008 |
230706s1916 xo g kuhun |
| 015 |
|
|
|a SNBG1916
|
| 035 |
|
|
|a urn:nbn:sk:snk-km00dope
|
| 035 |
|
|
|a urn:nbn:sk:snk-km3lyl3
|
| 035 |
|
|
|a D93D5C6F-B3CB-4F26-A75A-E792477E47A2
|
| 040 |
|
|
|a SNK
|b slo
|c SNK
|e AACR2
|
| 041 |
0 |
|
|a hun
|
| 043 |
|
|
|a e-xo---
|
| 044 |
|
|
|a xo
|c SK
|
| 072 |
|
7 |
|a 913
|x Regionálna geografia
|2 konspekt
|
| 072 |
|
7 |
|a 72
|x Architektúra
|2 konspekt
|
| 072 |
|
7 |
|a 712
|x Plánovanie krajiny. Parky. Záhrady
|2 konspekt
|
| 080 |
|
|
|a 913(437.6)
|2 2011
|
| 080 |
|
|
|a 726:27-523.42
|2 2011
|
| 080 |
|
|
|a (084.121)
|2 2011
|
| 080 |
|
|
|a 712.253
|2 2011
|
| 245 |
0 |
0 |
|a Igló
|h grafika
|b róm. kath. templom a sétatér részletével
|
| 260 |
|
|
|a Bp.
|b D. és M.
|c 1916
|
| 300 |
|
|
|a 1 pohľadnica
|b kolorovaná
|c 9 x 14 cm
|
| 500 |
|
|
|a Názvové údaje prevzaté z obrazovej časti pohľadnice
|
| 520 |
8 |
|
|a Zobrazenie: Pohľad na park, v popredí umelecky upravený kruhový trávnik, v pozadí stromy a v strede stĺp pouličného osvetlenia a za nimi kostol
|
| 650 |
0 |
7 |
|a parky
|2 SNKPH
|9 2942
|
| 650 |
0 |
7 |
|a kostoly
|2 SNKPH
|9 3023
|
| 651 |
|
7 |
|a Spišská Nová Ves (Slovensko)
|2 SNKPHgeo
|9 28800
|
| 655 |
|
7 |
|a miestne pohľadnice
|2 SNKPH
|9 70510
|
| 752 |
|
|
|a Slovensko
|d Budapešť
|
| 852 |
|
|
|a Slovenská národná knižnica
|
| 958 |
|
|
|a GBN
|
| 958 |
|
|
|a ONDV
|
| 958 |
|
|
|a GC
|
| 999 |
|
|
|c 1028343
|d 1030273
|
| 952 |
|
|
|a SNK
|b SNK
|y PREZ
|7 0
|p 17A1243707
|o snkSP 76248
|z Pohľadnica prešla poštou.
|0 0
|1 0
|4 0
|d 2018-08-03
|f 1
|l 0
|r 2026-02-24 13:45:59
|w 2026-02-24
|